The Man in the Hat (Record no. 15956)

000 -LEADER
fixed length control field 00431nam a22001457a 4500
005 - DATE AND TIME OF LATEST TRANSACTION
control field 20170105102929.0
008 - FIXED-LENGTH DATA ELEMENTS--GENERAL INFORMATION
fixed length control field 131218b xxu||||| |||| 00| 0 eng d
020 ## - INTERNATIONAL STANDARD BOOK NUMBER
International Standard Book Number 9789694025636
040 ## - CATALOGING SOURCE
Original cataloging agency 1
082 ## - DEWEY DECIMAL CLASSIFICATION NUMBER
Classification number 307.1412
Author Mark COS 2013
100 ## - MAIN ENTRY--PERSONAL NAME
Relator code Cossins, Noel
245 ## - TITLE STATEMENT
Title The Man in the Hat
Remainder of title The story of Shoaib Sultan Khan and the rural poor of South Asia
Statement of responsibility, etc. Noel Cossins
260 ## - PUBLICATION, DISTRIBUTION, ETC.
Place of publication, distribution, etc. Lahore
Name of publisher, distributor, etc. Vanguard Boos
Date of publication, distribution, etc. 2013
942 ## - ADDED ENTRY ELEMENTS (KOHA)
Source of classification or shelving scheme
Koha item type Book
Holdings
Withdrawn status Lost status Source of classification or shelving scheme Damaged status Not for loan Collection code Permanent Location Current Location Shelving location Date acquired Total Checkouts Full call number Barcode Date last seen Price effective from Koha item type
            Central Library (CL) Central Library (CL) Book Cart 01/11/2017   307.1412092 COS CL2600 01/11/2017 01/11/2017 Book
            Centre for International Peace & Stability (CIPS) Centre for International Peace & Stability (CIPS) General Stacks 08/01/2013   307.1412 COS CIPS0000078 12/18/2013 12/18/2013 Book
© 2023 Central Library, National University of Sciences and Technology. All Rights Reserved.